Music Quiz

Random Music or Song Quiz

554 One-Word Top Ten songs Quiz Stats

Quiz not verified by Sporcle

Challenge
Share
Tweet
Embed
Score 0/109 Timer 18:00
0 Plays Today
Range Title range % Correct
YYeah! to You
82.8%
LLonger to Loverboy
82.2%
HHello to Him
80.8%
BBaby to Barefootin'
77.7%
OOMG to Outa-Space
76%
TThink to Tipsy
66.2%
CCrazy to Crush
65%
AAlejandro to Always
63.2%
L-MLullaby to Maneater
63%
DDominique to Down
62.8%
JJoanna to Jumper
61.9%
BBed to Ben
61.8%
FFaith to Fascination
60.1%
NName to Nightingale
59.8%
AAmanda to Americans
58.7%
#3 to 1234
58.4%
DDowntown to Dreams
57.9%
AAngel to Apache
57.3%
BBitch to Borderline
56.2%
SSOS to Stickwitu
56.1%
WWannabe to Weak
55.9%
WWildflower to Woman
55.6%
K-LKryptonite to Lately
55.4%
KKicks to Kokomo
54.9%
V-WVenus to Wait
53.9%
#-A24/7 to Absolutely
50.9%
IIf to Incomplete
50.3%
C-DCry to Damn!
49.7%
SSailor to Scorpio
49.5%
HHeartbreaker to Heaven
49.1%
CCelebration to Chug-A-Lug
48.5%
CCarnival to Cecilia
47.9%
AAddictive to Airplanes
47.5%
HHome to Hungry
47%
BBartender to Because
46.5%
TTogether to Tracy
45.8%
SSolitaire to Sorry
45.6%
Range Title range % Correct
LLiar to Lonely
45.3%
A-BApologize to Babe
44.5%
FFiesta to Firework
44.5%
HHair to Happy
44.1%
SSummer to Sunshine
44%
FFoolish to Fortunate
43.8%
D-EDreamtime to Elenore
43.5%
WWheels to Wildfire
43%
DDandy to Daydreamin'
42.9%
PPeople to Physical
41.2%
RRespect to Ringo
40.8%
W-YWomanizer to Y.M.C.A.
40.8%
LLovergirl to Luka
40.1%
GGina to Gloria
39%
MMother-In-Law to Music
38.9%
R-SRumors to Sailing
38.8%
SSledgehammer to Soldier
38.3%
UUmbrella to Unpredictable
38.3%
BBrandy to Breathless
37.9%
MMissing to More
37.7%
EErotica to Everybody
36.2%
RRomeo to Roses
36.2%
SStill to Strut
36.2%
GGold to Greenfields
36%
SSuperfly to Surrender
35.9%
BBent to Billy
35.6%
LLaughing to Legs
35.5%
FFresh to Funkdafied
34.4%
SShips to Shout
34.1%
H-IHurt to Iesha
33.5%
SSurvivor to Switch
33.5%
TTruly to Twisted
33.5%
IIndependent to Iris
33.3%
TTragedy to True
33%
FFrankenstein to Freeze-Frame
32.5%
SShame to Sherry
31.6%
SSideshow to Slam
31.5%
Range Title range % Correct
PPoison to Problems
31.4%
MMine to Misled
31.2%
FFastlove to Fever
30.7%
NNightshift to Nothin'
30.7%
RRehab to Replay
29.8%
SSexyBack to Shambala
29.8%
EElvira to Epic
29.7%
MMesmerize to Milkshake
28.4%
CCircus to Coconut
27.6%
DDiamonds to Dilemma
26.4%
N-ONotorious to Oh
26.4%
I-JIronic to Jamboree
26.2%
RRise to Romantic
26.2%
O-POverkill to Paparazzi
26.1%
SStutter to Sukiyaki
25.5%
UUnpretty to Urgent
25.1%
EEverything to Expressway
24.7%
CComforter to Copacabana
23.8%
JJava to Jet
23.4%
SScream to September
23%
B-CButterfly to Cantaloop
22.4%
RRaindrops to Regulate
22.2%
VVacation to Vehicle
22.2%
DDisappear to Dizzy
21.3%
F-GFunkytown to Ghostbusters
20.8%
BBrokenhearted to Busted
20.7%
PPicture to Playground
20.7%
TTattoo to Temperature
20.7%
MManiac to Memphis
20.5%
GGrenade to Guilty
19.8%
TTemptation to Things
18.2%
P-QPromiscuous to Quicksand
17.5%
DDazz to Desire
16.6%
PParalyzer to Patricia
15.5%
HHappy-Go-Lucky-Me to Heartbeat
15.2%

You're not logged in!

Compare scores with friends on all Sporcle quizzes.
Sign Up with Email
OR
Log In

You Might Also Like...

Show Comments

Extras

Top Quizzes Today


Score Distribution

Your Account Isn't Verified!

In order to create a playlist on Sporcle, you need to verify the email address you used during registration. Go to your Sporcle Settings to finish the process.

Report this User

Report this user for behavior that violates our Community Guidelines.

Details: